[Event "Stay Safe Play From Home 225"]
[Site "T#646783Emanuel Laske"]
[Date "2020.06.14"]
[Round "5"]
[White "Indianquant"]
[Black "Lazieri3"]
[Result "1-0"]
[WhiteElo "2342"]
[BlackElo "2141"]
[Annotator "TA"]
[PlyCount "149"]
[EventDate "2020.06.14"]
[EventType "swiss (blitz)"]

{[%evp 13,149,31,59,40,50,49,43,37,46,20,94,86,97,61,62,56,71,60,53,0,17,0,128,124,127,121,160,154,131,94,87,89,100,99,104,95,109,85,101,96,100,97,175,165,604,620,1153,816,1002,758,1231,502,1607,1341,1114,463,714,547,580,545,508,317,317,310,730,727,720,707,709,667,764,711,760,719,850,651,29956,845,809,733,718,718,652,596,29952,29961,29951,29959,11608,6704,1777,58,60,58,71,57,57,56,56,56,56,56,56,56,71,71,71,71,71,71,71,71,71,71,75,75,75,75,75,75,75,75,75,71,71,71,75,75,75,75,75,71,29976,29977,29973,29978,29988,29989]} 1. Nf3 c6 2. c4 d5 3. d4 Nf6 4. e3 Bf5 5. Nc3 e6 6. Nh4 Bg4 7. Qb3 Qb6 8. h3 {D12: Slav Defence: 3 Nf3 Nf6 4 e3 Bf5.} Qxb3 9. axb3 Bh5 10. g4 {White is slightly better.} Bg6 11. c5 Nbd7 (11... Bc2 $11) 12. b4 $16 Be7 {[#]} 13. g5 $146 ({Predecessor:} 13. Nxg6 hxg6 14. Bg2 O-O 15. b5 Rfe8 16. bxc6 bxc6 17. Ra6 Nb8 18. Ra4 Nbd7 19. Ra6 {1-0 (36) Suvorov,L (1839)-Bosselmann,T (1667) Willingen 2015}) 13... Ne4 14. Nxg6 hxg6 15. Nxe4 dxe4 16. Bg2 (16. b5 $14) 16... Bxg5 17. Bxe4 Ke7 {[#]} (17... Nf6 $11 18. Bd3 Nd5) 18. b5 $1 {[%cal Rb5c6][%mdl 512]} Nf6 (18... cxb5 19. Bxb7) 19. Bf3 Rhc8 20. Bd2 Nd5 21. Be2 cxb5 22. Bxb5 a6 23. Bc4 Rh8 24. Ke2 Bf6 25. b4 g5 26. b5 axb5 27. Bxb5 Rxa1 (27... Rhc8 $16) 28. Rxa1 $18 Rxh3 $2 (28... Rb8 29. Ra7 Kf8) 29. Ra7 g4 30. Rxb7+ Kf8 31. c6 {And now Rb8+ would win.} g3 32. fxg3 (32. Rb8+ $142 Bd8 33. Bb4+ $1 {[%mdl 512]} Kg8 34. Rxd8+ Kh7 35. Rxd5 $1 {[%mdl 576] Promotion} exd5 36. c7) 32... Rxg3 (32... Rh2+ $142 33. Kd3 Bd8) 33. c7 Nxc7 34. Rxc7 (34. Rb8+ $142 Bd8 35. Rxd8+ Ke7 36. Rd7+ {[%mdl 64] Double Attack} Kf6 37. Rxc7) 34... g5 (34... Bg5 $142 35. Bc4 g6) 35. Bc6 g4 36. Be1 Rh3 37. Bg2 Rh2 38. Kf1 Bh4 $2 (38... Rh5 39. Bg3 Kg7) 39. Bxh4 Rxh4 {[%mdl 4096] Endgame KRB-KR} 40. Kf2 Rh6 41. Kg3 Rg6 42. Kf4 Kg7 43. e4 g3 44. Ra7 Kf6 45. Ra3 (45. e5+ $142 Kg7 46. Ra3 Rh6 47. Rxg3+ Kf8 48. Rh3 Rg6 49. Rh8+ Ke7 50. Bc6) 45... Rh6 46. Rxg3 Rh4+ 47. Ke3 Ke7 48. Bf3 f5 49. exf5 exf5 50. Rg6 Kf7 51. Ra6 Ke7 52. Kf2 $2 (52. d5 $18 Rc4 53. Re6+ Kd7 54. Rf6) 52... Rxd4 $14 53. Ke3 Rb4 54. Be2 Re4+ 55. Kf3 Re6 56. Ra7+ Kf6 57. Bd3 Rd6 58. Ke3 Rb6 59. Ra5 Re6+ 60. Kf4 Re1 61. Rxf5+ Ke6 62. Ra5 Kd6 63. Be4 Kc7 64. Ra6 Kd7 65. Ke5 Kc7 66. Rc6+ Kd7 67. Rc4 Rd1 68. Bd5 (68. Bf5+ {seems wilder.} Ke7 69. Rc7+ Kd8 70. Rc8+ Ke7 71. Rh8) 68... Re1+ 69. Kd4 Rd1+ 70. Kc5 Re1 71. Rg4 Ke7 72. Rf4 Re2 $2 {[%mdl 8192] [#]} (72... Kd7 $16) 73. Rf7+ $1 {White mates.} Ke8 74. Kd6 Rd2 75. Rf3 {Accuracy: White = 75%, Black = 54%.} 1-0

[Event "Stay Safe Play From Home 225"]
[Site "T#646783Emanuel Laske"]
[Date "2020.06.14"]
[Round "5"]
[White "little champs"]
[Black "Timbre"]
[Result "1-0"]
[WhiteElo "2095"]
[BlackElo "1683"]
[Annotator "TA"]
[PlyCount "91"]
[EventDate "2020.06.14"]
[EventType "swiss (blitz)"]

{[%evp 9,91,20,37,43,43,35,34,39,42,26,29,29,44,30,34,0,0,-8,0,0,36,0,7,-12,1,0,0,7,18,0,0,-23,9,-17,21,9,13,-11,38,-14,-2,0,0,-13,220,41,49,-68,175,-87,69,33,147,156,145,78,78,0,41,0,129,109,185,186,432,423,442,435,542,541,664,633,1062,1069,1119,833,811,725,2456,2260,1989,1651,29972,29967]} 1. d4 d5 2. e3 c6 3. Nf3 Nf6 4. Be2 Bg4 5. O-O Bxf3 6. Bxf3 {D04: Colle System.} e6 7. c4 Nbd7 8. b3 {White is slightly better.} Bd6 9. Bb2 Qe7 10. Nc3 a6 {[#]} 11. Rc1 $146 ({Predecessor:} 11. Re1 O-O 12. e4 dxe4 13. Nxe4 Ba3 14. Qd2 Bxb2 15. Qxb2 Nxe4 16. Rxe4 Nf6 17. Re5 {1-0 (43) Koch,S (2201)-Rasmussen,H (2158) Denmark 2008}) 11... O-O 12. e4 dxe4 13. Bxe4 Nxe4 14. Nxe4 Nf6 15. Nc3 Rad8 16. Qc2 Bb8 17. Rcd1 Qc7 {[%csl Gb8][%cal Rc7h2]} 18. g3 h6 19. Ba3 Rfe8 20. Rfe1 Nh7 21. Re3 Ng5 22. h4 Nh7 $1 23. Ne4 Nf8 24. c5 ({Better is} 24. Qe2 $14) 24... Ng6 25. Nd6 $36 {[%mdl 2048] White has the initiative.} Rf8 26. Rf3 b6 $2 (26... Ne7 $11) 27. h5 $2 (27. cxb6 $18 Qxb6 28. Nc4) 27... Ne7 $1 $14 28. Qe2 (28. cxb6 $1 $14 Qxb6 29. Nc4) 28... Nd5 $2 (28... b5 $15 {stays ahead.}) 29. Qxa6 $2 ({White has to play} 29. cxb6 $1 $18 Nxb6 30. Qxa6) 29... bxc5 $2 (29... b5 $1 $17) 30. dxc5 Qe7 ({Black should try} 30... Qd7 $14 31. Qe2 Bxd6 32. cxd6 Qa7) 31. Qxc6 $16 Qg5 {[#]} 32. Kg2 (32. Nxf7 $142 $1 Qxh5 33. Rdd3 (33. Nxd8 Qxf3 34. Qxe6+ Kh8 $11) (33. Qxe6 Nf4 $17 {[%mdl 64] Pin}) 33... Rxf7 34. Qxe6) 32... Qxh5 33. Rh1 (33. Rd4 $16) 33... Qg6 34. b4 {[%cal Bb3b4,Bb4b5][%mdl 32]} Nf6 (34... Bxd6 $11 35. cxd6 Rc8) 35. b5 Ng4 {[#]} (35... Bxd6 $16 36. cxd6 Rc8) 36. Qe4 $1 $18 {[%cal Re4g6] Threatens to win with Qxg6.} Bxd6 $2 (36... f5 37. Qc2 Bxd6) 37. Qxg6 fxg6 38. cxd6 Ne5 39. Rxf8+ Rxf8 {[%mdl 4096] Endgame KRB-KRN} 40. Re1 Nc4 41. Bb4 e5 42. Re4 Nb6 43. Rxe5 Nc4 44. Re7 Rd8 45. d7 {Re8+ would kill now.} Nb6 46. Re8+ {[%mdl 64] Double Attack. Accuracy: White = 57%, Black = 40%.} 1-0

[Event "Stay Safe Play From Home 225"]
[Site "T#646783Emanuel Laske"]
[Date "2020.06.14"]
[Round "5"]
[White "Don59as"]
[Black "Sfantul321"]
[Result "1/2-1/2"]
[WhiteElo "2029"]
[BlackElo "1980"]
[Annotator "NA"]
[PlyCount "100"]
[EventDate "2020.06.14"]
[EventType "swiss (blitz)"]

1. c4 {[%emt 0:00:02]} c5 {[%emt 0:00:02]} 2. Nc3 {[%emt 0:00:01]} Nc6 {[%emt 0:00:01]} 3. g3 {[%emt 0:00:02]} g6 {[%emt 0:00:01]} 4. Bg2 {[%emt 0:00:01]} Bg7 {[%emt 0:00:00]} 5. e3 {[%emt 0:00:01]} e6 {[%emt 0:00:01]} 6. Nge2 {[%emt 0:00:01]} Nge7 {[%emt 0:00:01]} 7. Nf4 {[%emt 0:00:01]} O-O {[%emt 0:00:03]} 8. O-O {[%emt 0:00:01]} d6 {[%emt 0:00:01]} 9. b3 {[%emt 0:00:02]} d5 {[%emt 0:00:02]} 10. cxd5 {[%emt 0:00:05]} exd5 {[%emt 0:00:01]} 11. Nfxd5 {[%emt 0:00:03]} Nxd5 {[%emt 0:00:01]} 12. Bxd5 {[%emt 0:00:01]} Bxc3 {[%emt 0:00:02]} 13. dxc3 {[%emt 0:00:01]} Bh3 {[%emt 0:00:07]} 14. Bg2 {[%emt 0:00:04]} Bxg2 {[%emt 0:00:01]} 15. Kxg2 {[%emt 0:00:07]} Qf6 {[%emt 0:00:02]} 16. Bb2 {[%emt 0:00:07]} Rad8 {[%emt 0:00:02]} 17. Qe2 {[%emt 0:00:02]} Ne5 {[%emt 0:00:02]} 18. Rad1 {[%emt 0:00:09]} Qc6+ {[%emt 0:00:05]} 19. f3 {[%emt 0:00:09]} c4 {[%emt 0:00:02]} 20. Rd4 {[%emt 0:00:24]} b5 {[%emt 0:00:04]} 21. Rfd1 {[%emt 0:00:20]} Nd3 {[%emt 0:00:02]} 22. Ba3 {[%emt 0:00:23]} Rfe8 {[%emt 0:00:02]} 23. Bb4 {[%emt 0:00:46]} Rc8 {[%emt 0:00:04]} 24. bxc4 {[%emt 0:00:05]} bxc4 {[%emt 0:00:03]} 25. Bd6 {[%emt 0:00:13]} h5 {[%emt 0:00:13]} 26. e4 {[%emt 0:00:03]} Re6 {[%emt 0:00:24]} 27. e5 {[%emt 0:00:01]} f6 {[%emt 0:00:04]} 28. R1xd3 {[%emt 0:00:09]} cxd3 {[%emt 0:00:02]} 29. Qxd3 {[%emt 0:00:01]} f5 {[%emt 0:00:08]} 30. c4 {[%emt 0:00:10]} Qa4 {[%emt 0:00:12]} 31. c5 {[%emt 0:00:06]} Qxa2+ {[%emt 0:00:02]} 32. Kh3 {[%emt 0:00:01]} Kf7 {[%emt 0:00:14]} 33. Qd2 {[%emt 0:00:02]} Qxd2 {[%emt 0:00:12]} 34. Rxd2 {[%emt 0:00:00]} Ree8 {[%emt 0:00:06]} 35. Ra2 {[%emt 0:00:02]} Ra8 {[%emt 0:00:02]} 36. Ra6 {[%emt 0:00:01]} Ke6 {[%emt 0:00:02]} 37. Kh4 {[%emt 0:00:02]} Kd5 {[%emt 0:00:03]} 38. Kg5 {[%emt 0:00:02]} Rg8 {[%emt 0:00:03]} 39. f4 {[%emt 0:00:03]} Kc4 {[%emt 0:00:05]} 40. c6 {[%emt 0:00:01]} Kb5 {[%emt 0:00:01]} 41. Ra2 {[%emt 0:00:05]} Kxc6 {[%emt 0:00:01]} 42. Ba3 {[%emt 0:00:07]} a5 {[%emt 0:00:03]} 43. e6 {[%emt 0:00:01]} Kb5 {[%emt 0:00:03]} 44. e7 {[%emt 0:00:01]} Kc4 {[%emt 0:00:03]} 45. Bd6 {[%emt 0:00:02]} a4 {[%emt 0:00:02]} 46. Kf6 {[%emt 0:00:03]} Kb3 {[%emt 0:00:07]} 47. Ra3+ {[%emt 0:00:02]} Kb2 {[%emt 0:00:01]} 48. Kf7 {[%emt 0:00:02]} Rgc8 {[%emt 0:00:20]} 49. Re3 {[%emt 0:00:09]} Rg8 {[%emt 0:00:14]} 50. Ba3+ {[%emt 0:00:04]} Ka2 {[%emt 0:00:02] Sfantul321 offers a draw (Lag: Av=0.36s, max=0.9s)} 1/2-1/2

[Event "Stay Safe Play From Home 225"]
[Site "T#646783Emanuel Laske"]
[Date "2020.06.14"]
[Round "5"]
[White "Klausen"]
[Black "Dukic"]
[Result "1-0"]
[WhiteElo "2019"]
[BlackElo "1847"]
[Annotator "RC"]
[PlyCount "89"]
[EventDate "2020.06.14"]
[EventType "swiss (blitz)"]

1. d4 {[%emt 0:00:03]} c6 {[%emt 0:00:09]} 2. Nf3 {[%emt 0:00:03]} d6 {[%emt 0:00:01]} 3. c4 {[%emt 0:00:02]} Bg4 {[%emt 0:00:02]} 4. e3 {[%emt 0:00:05]} Nd7 {[%emt 0:00:01]} 5. Be2 {[%emt 0:00:01]} Ngf6 {[%emt 0:00:04]} 6. O-O {[%emt 0:00:02]} e5 {[%emt 0:00:01]} 7. Nc3 {[%emt 0:00:02]} Be7 {[%emt 0:00:04]} 8. b3 {[%emt 0:00:03]} O-O {[%emt 0:00:02]} 9. Bb2 {[%emt 0:00:01]} Re8 {[%emt 0:00:02]} 10. Rc1 {[%emt 0:00:02]} e4 {[%emt 0:00:05]} 11. Nd2 {[%emt 0:00:03]} Bxe2 {[%emt 0:00:02]} 12. Qxe2 {[%emt 0:00:03]} d5 {[%emt 0:00:01]} 13. cxd5 {[%emt 0:00:04]} cxd5 {[%emt 0:00:02]} 14. Nb5 {[%emt 0:00:02]} Rf8 {[%emt 0:00:07]} 15. Rc2 {[%emt 0:00:22]} a6 {[%emt 0:00:10]} 16. Nc3 {[%emt 0:00:02]} b5 {[%emt 0:00:04]} 17. Rfc1 {[%emt 0:00:06]} Bd6 {[%emt 0:00:08]} 18. Nf1 {[%emt 0:00:04]} Qe7 {[%emt 0:00:03]} 19. Ng3 {[%emt 0:00:08]} g6 {[%emt 0:00:02]} 20. a4 {[%emt 0:00:15]} b4 {[%emt 0:00:07]} 21. Nb1 {[%emt 0:00:04]} a5 {[%emt 0:00:06]} 22. Nd2 {[%emt 0:00:06]} h5 {[%emt 0:00:02]} 23. Ngf1 {[%emt 0:00:04]} Rfd8 {[%emt 0:00:20]} 24. h3 {[%emt 0:00:02]} Nf8 {[%emt 0:00:02]} 25. Rc6 {[%emt 0:00:17]} Ne6 {[%emt 0:00:03]} 26. Qb5 {[%emt 0:00:11]} Rdb8 {[%emt 0:00:09]} 27. Rb6 {[%emt 0:00:08]} Rxb6 {[%emt 0:00:18]} 28. Qxb6 {[%emt 0:00:01]} Bc7 {[%emt 0:00:11]} 29. Qc6 {[%emt 0:00:14]} Rb8 {[%emt 0:00:11]} 30. Qa6 {[%emt 0:00:13]} g5 {[%emt 0:00:19]} 31. g3 {[%emt 0:00:11]} h4 {[%emt 0:00:05]} 32. g4 {[%emt 0:00:03]} Ne8 {[%emt 0:00:14]} 33. Qc6 {[%emt 0:00:17]} Rd8 {[%emt 0:00:15]} 34. Kg2 {[%emt 0:00:16]} Rd6 {[%emt 0:00:17]} 35. Qc2 {[%emt 0:00:07]} N8g7 {[%emt 0:00:03]} 36. Qd1 {[%emt 0:00:03]} f5 {[%emt 0:00:11]} 37. gxf5 {[%emt 0:00:03]} Nxf5 {[%emt 0:00:01]} 38. Nh2 {[%emt 0:00:05]} Neg7 {[%emt 0:00:16]} 39. Ng4 {[%emt 0:00:05]} Rg6 {[%emt 0:00:21]} 40. Ne5 {[%emt 0:00:10]} Bxe5 {[%emt 0:00:06]} 41. dxe5 {[%emt 0:00:01]} g4 {[%emt 0:00:03]} 42. hxg4 {[%emt 0:00:02]} Nh6 {[%emt 0:00:01]} 43. Kf1 {[%emt 0:00:11]} Nxg4 {[%emt 0:00:04]} 44. Ke2 {[%emt 0:00:17]} Qf7 {[%emt 0:00:02]} 45. Qf1 {[%emt 0:00:03] Zeit (Lag: Av=0.29s, max=2.0s)} 1-0

[Event "Stay Safe Play From Home 225"]
[Site "T#646783Emanuel Laske"]
[Date "2020.06.14"]
[Round "5"]
[White "matanant"]
[Black "Lucknow"]
[Result "0-1"]
[WhiteElo "1816"]
[BlackElo "1805"]
[Annotator "NA RC"]
[PlyCount "130"]
[EventDate "2020.06.14"]
[EventType "swiss (blitz)"]

1. e4 {[%emt 0:00:02]} c5 {[%emt 0:00:01]} 2. b4 {[%emt 0:00:03]} cxb4 {[%emt 0:00:01]} 3. d4 {[%emt 0:00:01]} e6 {[%emt 0:00:01]} 4. Nf3 {[%emt 0:00:03]} Nf6 {[%emt 0:00:01]} 5. Bd3 {[%emt 0:00:03]} d6 {[%emt 0:00:02]} 6. O-O {[%emt 0:00:02]} Be7 {[%emt 0:00:01]} 7. Nbd2 {[%emt 0:00:03]} Nc6 {[%emt 0:00:02]} 8. Nc4 {[%emt 0:00:02]} Na5 {[%emt 0:00:11]} 9. Ne3 {[%emt 0:00:02]} O-O {[%emt 0:00:05]} 10. Qd2 {[%emt 0:00:02]} b6 {[%emt 0:00:04]} 11. Qxb4 {[%emt 0:00:05]} d5 {[%emt 0:00:01]} 12. Qe1 {[%emt 0:00:07]} dxe4 {[%emt 0:00:01]} 13. Be2 {[%emt 0:00:10]} exf3 {[%emt 0:00:05]} 14. Bxf3 {[%emt 0:00:02]} Bb7 {[%emt 0:00:02]} 15. d5 {[%emt 0:00:11]} Nxd5 {[%emt 0:00:06]} 16. Nxd5 {[%emt 0:00:28]} Bxd5 {[%emt 0:00:03]} 17. Bxd5 {[%emt 0:00:03]} Qxd5 {[%emt 0:00:03]} 18. Bb2 {[%emt 0:00:01]} Rac8 {[%emt 0:00:12]} 19. Rd1 {[%emt 0:00:14]} Qf5 {[%emt 0:00:05]} 20. Rd7 {[%emt 0:00:09]} Bf6 {[%emt 0:00:06]} 21. Bxf6 {[%emt 0:00:12]} Qxf6 {[%emt 0:00:01]} 22. Rxa7 {[%emt 0:00:04]} Rxc2 {[%emt 0:00:04]} 23. a4 {[%emt 0:00:06]} Rfc8 {[%emt 0:00:17]} 24. Qe3 {[%emt 0:00:06]} Nc4 {[%emt 0:00:11]} 25. Qd3 {[%emt 0:00:18]} Ne5 {[%emt 0:00:20]} 26. Qe4 {[%emt 0:00:32]} Rxf2 {[%emt 0:00:32]} 27. Re1 {[%emt 0:00:33]} Rd2 {[%emt 0:01:04]} 28. Rf1 {[%emt 0:00:08]} Qg5 {[%emt 0:00:10]} 29. Ra8 {[%emt 0:00:13]} Qxg2+ {[%emt 0:00:09]} 30. Qxg2 {[%emt 0:00:03]} Rxg2+ {[%emt 0:00:01]} 31. Kxg2 {[%emt 0:00:01]} Rxa8 {[%emt 0:00:01]} 32. Rb1 {[%emt 0:00:05]} g5 {[%emt 0:00:08]} 33. Rxb6 {[%emt 0:00:05]} Rxa4 {[%emt 0:00:02]} 34. Rb5 {[%emt 0:00:01]} f6 {[%emt 0:00:03]} 35. Rb6 {[%emt 0:00:02]} Kf7 {[%emt 0:00:01]} 36. Rb7+ {[%emt 0:00:01]} Kg6 {[%emt 0:00:01]} 37. Rb6 {[%emt 0:00:00]} Kf5 {[%emt 0:00:02]} 38. Rb7 {[%emt 0:00:01]} h5 {[%emt 0:00:01]} 39. Rb2 {[%emt 0:00:02]} h4 {[%emt 0:00:02]} 40. h3 {[%emt 0:00:02]} Rf4 {[%emt 0:00:02]} 41. Ra2 {[%emt 0:00:04]} Nd3 {[%emt 0:00:01]} 42. Ra5+ {[%emt 0:00:02]} e5 {[%emt 0:00:02]} 43. Ra2 {[%emt 0:00:01]} Rf2+ {[%emt 0:00:02]} 44. Rxf2+ {[%emt 0:00:02]} Nxf2 {[%emt 0:00:00]} 45. Kxf2 {[%emt 0:00:00]} Kf4 {[%emt 0:00:01]} 46. Kg2 {[%emt 0:00:01]} e4 {[%emt 0:00:00]} 47. Kf2 {[%emt 0:00:01]} e3+ {[%emt 0:00:01]} 48. Kg2 {[%emt 0:00:01]} f5 {[%emt 0:00:02]} 49. Kf1 {[%emt 0:00:01]} Kg3 {[%emt 0:00:01]} 50. Ke1 {[%emt 0:00:00]} f4 {[%emt 0:00:00]} 51. Ke2 {[%emt 0:00:00]} Kxh3 {[%emt 0:00:01]} 52. Kf3 {[%emt 0:00:01]} Kh2 {[%emt 0:00:03]} 53. Ke2 {[%emt 0:00:02]} Kg2 {[%emt 0:00:01]} 54. Kd3 {[%emt 0:00:01]} h3 {[%emt 0:00:01]} 55. Ke4 {[%emt 0:00:00]} h2 {[%emt 0:00:01]} 56. Kf5 {[%emt 0:00:00]} h1=Q {[%emt 0:00:01]} 57. Kxg5 {[%emt 0:00:00]} f3 {[%emt 0:00:01]} 58. Kf5 {[%emt 0:00:00]} f2 {[%emt 0:00:01]} 59. Ke4 {[%emt 0:00:00]} f1=Q {[%emt 0:00:01]} 60. Ke5 {[%emt 0:00:00]} Qf3 {[%emt 0:00:04]} 61. Ke6 {[%emt 0:00:01]} Qhh5 {[%emt 0:00:02]} 62. Ke7 {[%emt 0:00:03]} Qfg4 {[%emt 0:00:00]} 63. Kd6 {[%emt 0:00:02]} Qgg6+ {[%emt 0:00:01]} 64. Ke7 {[%emt 0:00:00]} Qhh7+ {[%emt 0:00:01]} 65. Kf8 {[%emt 0:00:00]} Qgg8# {[%emt 0:00:01] (Lag: Av=0.63s, max=1.2s)} 0-1

[Event "Stay Safe Play From Home 225"]
[Site "T#646783Emanuel Laske"]
[Date "2020.06.14"]
[Round "5"]
[White "Germanicus G"]
[Black "Tunca"]
[Result "1-0"]
[WhiteElo "1504"]
[BlackElo "1654"]
[Annotator "NA RC"]
[PlyCount "107"]
[EventDate "2020.06.14"]
[EventType "swiss (blitz)"]

1. Nf3 {[%emt 0:00:55]} Nf6 {[%emt 0:00:16]} 2. g3 {[%emt 0:00:01]} b6 {[%emt 0:00:01]} 3. Bg2 {[%emt 0:00:00]} Bb7 {[%emt 0:00:00]} 4. d4 {[%emt 0:00:01]} e6 {[%emt 0:00:02]} 5. c4 {[%emt 0:00:01]} d5 {[%emt 0:00:04]} 6. Ne5 {[%emt 0:00:04]} Nbd7 {[%emt 0:00:03]} 7. O-O {[%emt 0:00:06]} Nxe5 {[%emt 0:00:15]} 8. dxe5 {[%emt 0:00:03]} Ng4 {[%emt 0:00:04]} 9. Qd4 {[%emt 0:00:09]} h5 {[%emt 0:00:13]} 10. h3 {[%emt 0:00:04]} Bc5 {[%emt 0:00:01]} 11. Qf4 {[%emt 0:00:04]} Nh6 {[%emt 0:00:11]} 12. Nc3 {[%emt 0:00:07]} c6 {[%emt 0:00:58]} 13. cxd5 {[%emt 0:00:26]} cxd5 {[%emt 0:00:04]} 14. b4 {[%emt 0:00:03]} Be7 {[%emt 0:00:05]} 15. Nb5 {[%emt 0:00:05]} Qd7 {[%emt 0:00:31]} 16. Nd6+ {[%emt 0:00:02]} Bxd6 {[%emt 0:00:01]} 17. exd6 {[%emt 0:00:01]} O-O-O {[%emt 0:00:01]} 18. Bb2 {[%emt 0:00:03]} Nf5 {[%emt 0:00:13]} 19. Rac1+ {[%emt 0:00:08]} Kb8 {[%emt 0:00:03]} 20. g4 {[%emt 0:00:01]} hxg4 {[%emt 0:00:06]} 21. hxg4 {[%emt 0:00:02]} Nxd6 {[%emt 0:00:02]} 22. Bxg7 {[%emt 0:00:02]} Rhg8 {[%emt 0:00:04]} 23. Be5 {[%emt 0:00:02]} Ka8 {[%emt 0:00:08]} 24. a4 {[%emt 0:00:07]} Nc4 {[%emt 0:00:06]} 25. b5 {[%emt 0:00:20]} Nxe5 {[%emt 0:00:04]} 26. Qxe5 {[%emt 0:00:01]} Rxg4 {[%emt 0:00:00]} 27. f3 {[%emt 0:00:07]} Rg6 {[%emt 0:00:06]} 28. Kf2 {[%emt 0:00:02]} Rc8 {[%emt 0:00:10]} 29. Bh3 {[%emt 0:00:14]} Qe7 {[%emt 0:00:21]} 30. Rxc8+ {[%emt 0:00:04]} Bxc8 {[%emt 0:00:01]} 31. Rc1 {[%emt 0:00:02]} Qh4+ {[%emt 0:00:16]} 32. Ke3 {[%emt 0:00:08]} Qh6+ {[%emt 0:00:01]} 33. f4 {[%emt 0:00:09]} Qxh3+ {[%emt 0:00:01]} 34. Kd2 {[%emt 0:00:02]} Rg8 {[%emt 0:00:10]} 35. Rc7 {[%emt 0:00:09]} Qh8 {[%emt 0:00:02]} 36. Qd6 {[%emt 0:00:07]} Qb2+ {[%emt 0:00:03]} 37. Ke3 {[%emt 0:00:03]} Bb7 {[%emt 0:00:01]} 38. Rxb7 {[%emt 0:00:12]} Kxb7 {[%emt 0:00:02]} 39. Qd7+ {[%emt 0:00:01]} Ka8 {[%emt 0:00:00]} 40. Qc6+ {[%emt 0:00:01]} Kb8 {[%emt 0:00:00]} 41. Qd6+ {[%emt 0:00:01]} Kc8 {[%emt 0:00:01]} 42. Qc6+ {[%emt 0:00:03]} Kd8 {[%emt 0:00:00]} 43. Qa8+ {[%emt 0:00:02]} Ke7 {[%emt 0:00:00]} 44. Qxg8 {[%emt 0:00:01]} Qc3+ {[%emt 0:00:00]} 45. Kf2 {[%emt 0:00:02]} Qd4+ {[%emt 0:00:01]} 46. e3 {[%emt 0:00:01]} Qd2+ {[%emt 0:00:01]} 47. Kf3 {[%emt 0:00:01]} Qd1+ {[%emt 0:00:01]} 48. Kf2 {[%emt 0:00:03]} Qd2+ {[%emt 0:00:01]} 49. Kf1 {[%emt 0:00:03]} Qd1+ {[%emt 0:00:01]} 50. Kg2 {[%emt 0:00:02]} Qd2+ {[%emt 0:00:00]} 51. Kh3 {[%emt 0:00:01]} Qxe3+ {[%emt 0:00:01]} 52. Kh4 {[%emt 0:00:02]} Qxf4+ {[%emt 0:00:01]} 53. Qg4 {[%emt 0:00:01]} Qxg4+ {[%emt 0:00:01] '} 54. Kxg4 {[%emt 0:00:01] (Lag: Av=0.31s, max=0.6s)} 1-0

[Event "Stay Safe Play From Home 225"]
[Site "T#646783Emanuel Laske"]
[Date "2020.06.14"]
[Round "5"]
[White "BOODWUTCHER"]
[Black "Edmatuag"]
[Result "1-0"]
[WhiteElo "1311"]
[BlackElo "1650"]
[Annotator "NA RC"]
[PlyCount "45"]
[EventDate "2020.06.14"]
[EventType "swiss (blitz)"]

1. d4 {[%emt 0:00:02]} d5 {[%emt 0:00:03]} 2. f4 {[%emt 0:00:04]} g6 {[%emt 0:00:01]} 3. Nf3 {[%emt 0:00:02]} Bg7 {[%emt 0:00:00]} 4. e3 {[%emt 0:00:01]} Nc6 {[%emt 0:00:02]} 5. a3 {[%emt 0:00:03]} Bg4 {[%emt 0:00:01]} 6. Bd3 {[%emt 0:00:02]} e6 {[%emt 0:00:01]} 7. O-O {[%emt 0:00:01]} Nge7 {[%emt 0:00:03]} 8. Nbd2 {[%emt 0:00:01]} f6 {[%emt 0:00:02]} 9. Qe1 {[%emt 0:00:02]} Bxf3 {[%emt 0:00:02]} 10. Nxf3 {[%emt 0:00:02]} Qd6 {[%emt 0:00:01]} 11. c3 {[%emt 0:00:02]} O-O {[%emt 0:00:03]} 12. e4 {[%emt 0:00:01]} e5 {[%emt 0:00:04]} 13. Be3 {[%emt 0:00:24]} Kh8 {[%emt 0:00:07]} 14. b4 {[%emt 0:00:05]} dxe4 {[%emt 0:00:07]} 15. Bxe4 {[%emt 0:00:04]} f5 {[%emt 0:00:03]} 16. fxe5 {[%emt 0:00:09]} Nxe5 {[%emt 0:00:12]} 17. Nxe5 {[%emt 0:00:06]} Bxe5 {[%emt 0:00:01]} 18. dxe5 {[%emt 0:00:01]} Qxe5 {[%emt 0:00:01]} 19. Bd4 {[%emt 0:00:01]} Nc6 {[%emt 0:00:02]} 20. Bxe5+ {[%emt 0:00:01]} Nxe5 {[%emt 0:00:00]} 21. Bc2 {[%emt 0:00:05]} Rfe8 {[%emt 0:00:01]} 22. Qg3 {[%emt 0:00:11]} Ng4 {[%emt 0:00:02]} 23. Rae1 {[%emt 0:00:09] Edmatuag resigns (Lag: Av=0.46s, max=0.7s)} 1-0